Capitalism's Achilles heel : (Record no. 35558)

MARC details
000 -LEADER
campo de control de longitud fija 00537nam a2200181 4500
001 - NÚMERO DE CONTROL
campo de control 26626
005 - FECHA Y HORA DE LA ÚLTIMA TRANSACCIÓN
campo de control 20230410105400.0
008 - DATOS DE LONGITUD FIJA--INFORMACIÓN GENERAL
campo de control de longitud fija 060907n2005 dr spa
020 ## - NÚMERO INTERNACIONAL ESTÁNDAR DEL LIBRO
Número Internacional Estándar del Libro 0471644889
035 ## - NÚMERO DE CONTROL DEL SISTEMA
-- funglode26825
041 ## - CÓDIGO DE IDIOMA
Código de lengua del texto/banda sonora o título independiente EN
050 14 - SIGNATURA TOPOGRÁFICA DE LA BIBLIOTECA DEL CONGRESO
Número de clasificación HB 501 B168c 2005
100 ## - ENTRADA PRINCIPAL--NOMBRE DE PERSONA
Nombre de persona Baker, Raymond W.
245 1# - MENCIÓN DEL TÍTULO
Título Capitalism's Achilles heel :
Resto del título dirty money and how to renew the free-market system /
Mención de responsabilidad, etc. Raymond W. Baker
260 ## - PUBLICACIÓN, DISTRIBUCIÓN, ETC.
Lugar de publicación, distribución, etc. Hoboken, New Jersey :
Nombre del editor, distribuidor, etc. John Wiley & Sons,
Fecha de publicación, distribución, etc. 2005
300 ## - DESCRIPCIÓN FÍSICA
Extensión ix, 438 p
942 ## - ELEMENTOS DE ENTRADA SECUNDARIOS (KOHA)
Fuente del sistema de clasificación o colocación Clasificación de Library of Congress
Tipo de ítem Koha
Holdings
Estatus retirado Estado de pérdida Fuente del sistema de clasificación o colocación Estado de daño No para préstamo Colección Biblioteca de origen Biblioteca actual Ubicación en estantería Fecha de adquisición Serial enumeration / chronology Signatura topográfica completa Código de barras Visto por última vez Tipo de ítem Koha
    Clasificación de Library of Congress     Ciencias Sociales Biblioteca Juan Bosch Biblioteca Juan Bosch Ciencias Sociales (3er. Piso) 24/10/2018 1 HB 501 B168c 2005 00000027772 24/10/2018